E89(第二京阪道路)のIC - Statistics

General Stats
  • This quiz has been taken 63 times
  • The average score is 13 of 21
Answer Stats
第二京阪道路 % Correct
JCT 門真
93%
PA 京田辺
85%
JCT 久御山
82%
IC 寝屋川北
80%
IC 寝屋川南
76%
IC 交野南
69%
IC 鴨川東
67%
IC 枚方東
67%
IC 交野北
64%
IC 巨椋池
62%
IC 京田辺松井
60%
IC 枚方学研
60%
IC 鴨川西
58%
IC 城南宮南
56%
IC 城南宮北
55%
JCT 八幡京田辺
55%
IC 第二京阪門真
55%
IC 八幡東
53%
IC 上鳥羽
51%
IC 伏見
51%
IC 久御山南
49%
No matching quizzes found
Score Distribution
Percent of People with Each Score
Percentile by Number Answered
Your Score History
You have not taken this quiz